000 00925nam0a22002651 4500
001 rc\4666634
005 20130416203909.9
021 _aRU
_b[61-9781]
035 _a(NLR Aleph) 008216904
090 _a8131506
_c8131506
100 _a20130416d1961 |||y0rusy50 ca
101 0 _arus
102 _aRU
105 _aa z |||||
200 1 _aКнига для чтения по русскому языку в 4-м классе бурятской школы
205 _a4-е изд.
210 _aУлан-Удэ
_cБурят. кн. изд-во
_d1961
215 _a177 с.
_cил.
_d23
606 _aРусский язык
_jХрестоматии для нерусских школ
_2psbo
700 1 _aПетрова
_bП. Г.
_gПолина Григорьевна
701 1 _aОлзоев
_bК. А.
_gКирилл Андреевич
801 0 _aRU
_bNLR
_gpsbo
801 1 _aRU
_bELAR
_2rusmarc
942 _cBOOK
980 _aNB